Personnages Star Wars par lettres - Statistiques

Statistiques générales
  • Ce quiz a été pris 510 fois
  • Le résultat moyen est 12 sur 25
Statistiques - réponses
Lettres Réponses % Correct
S Lor San Tekka, Sebulba, Aurra Sing, Hera Syndulla, Lama Su, Han Solo, Luke Skywalker, Shmi Skywalker, Anakin Skywalker, Ben Solo, Dark Sidious, Snoke, Rey Skywalker
98%
C C3PO, Lando Calrissian,Chewbacca, Chef Chirpa, Salacious Crumb
80%
K Maz Kanata, Obi Wan Kenobi, Plo Koon, Eeth Koth, Kallus, Directeur Krennic, Bo Katan Kryze, K2SO
78%
F Boba Fett, Jango Fett, Finn, Kit Fisto, Bib Fortuna
77%
R R2D2, Kylo Ren, Capitaine Rex, Général Rieekan, Bodhi Rook
76%
Y Yaddle, Yoda
76%
A Padmé Amidala, Amiral Ackbar, Mas Amedda, Wedge Antilles, Cassian Andor
75%
W Wicket Warrick, Watto, Zam Wesell, Mace Windu
71%
P Sheev Palpatine, Capitaine Panaka, Capitaine Phasma, Yarael Poof, Amiral Piett, Unkar Plutt, Lady Proxima
69%
O Barriss Offee, Zeb Orrelios, Bail Organa, Leia Organa, Amiral Ozzel
64%
J Jabba le Hutt, Kanan Jarrus, Qui Gon Jinn, Jannah
64%
D Poe Dameron, Biggs Darklighter, Lott Dod, Général Dodonna, Comte Dooku, Sifo Dyas
61%
V Dark Vador, Chancelier Valorum, Général Veers, Asajj Ventress, Dryden Vos
58%
B Ponda Baba, Dark Bane, BB-8, Sio Bibble, Jar Jar Binks, Bossk, Ezra Bridger, Beckett, Cade Bane
52%
G Adi Gallia, Greedo, Général Grievous, Nute Gunray, Saw Gerrera
47%
M Général Madine, Dark Maul, Tion Medon, Mon Mothma, Baze Malbus
46%
T Ahsoka Tano, Tarfful, Grand Moff Tarkin, Capitaine Tarpals, Teebo, Grand Amiral Thrawn, Saesee Tiin, Capitaine Typho
42%
N Boss Nass, Capitaine Needa, Jocasta Nu, Nien Numb, Enfyst Nest
25%
H Général Hux, Vice Amiral Holdo
17%
L Owen Lars, Beru Lars, Cliegg Lars, Logray, Lobot, Tasu Leech
17%
E Cornelius Evazan, Jyn Erso, Galen Erso, Lyra Erso
16%
U Luminara Unduli
10%
Q 4-LOM, Qi'ra
5%
I IG-88, Inquisiteur, Chirrut Imwe
1%
Z Zuckuss
1%
Aucun quiz correspondant
Distribution des résultats
% des personnes avec chaque résultat
Percentile par nombre de réponses
Votre historique - résultats
Vous n’avez pas pris ce quiz